| 000 | 01743nam0a2200313 4500 | ||
|---|---|---|---|
| 001 | RU\NLR\BIBL_A\010919669 | ||
| 005 | 20260407125023.0 | ||
| 010 | _a978-5-91259-006-1 | ||
| 035 | _a(NLR Aleph) 010919669 | ||
| 090 |
_a10670795 _c10670795 |
||
| 100 | _a20151207d2009 |||y0rusy50 ca | ||
| 101 | 0 | _arus | |
| 102 | _aRU | ||
| 105 | _aa g 000yy | ||
| 200 | 1 |
_aВредные вещества в окружающей среде _iЭлементоорганические соединения I-IV групп периодической системы _e[справочник-энциклопедия] _fРос. акад. естеств. наук _g[Л.А. Аликбаева и др.] _gпод ред. д.б.н. В.А. Филова [и др.] |
|
| 210 |
_aСанкт-Петербург _cПрофессионал _d2009 |
||
| 215 |
_a370 с. _cил. _d29 |
||
| 320 | _aБиблиогр. в конце ст. | ||
| 606 | 1 |
_aОкружающая среда _jСправочники _xЗагрязнение элементоорганическими соединениями _92129400 _3RU\NLR\AUTH\661588825 |
|
| 606 | 1 |
_aЭлементоорганические соединения _jСправочники _xТоксичность _92118307 _3RU\NLR\AUTH\661583023 |
|
| 686 | 1 | _aР121.102.5я22 | |
| 686 | 1 | _aР284.4я22 | |
| 702 | 1 |
_4220 _aАликбаева _bЛ. А. _gЛилия Абдулняимовна _9152769 _3RU\NLR\AUTH\770152807 |
|
| 702 | 1 |
_aФилов _bВ. А. _gВладимир Александрович _4340 |
|
| 712 | 0 | 2 |
_4570 _aРоссийская академия естественных наук _3RU\NLR\AUTH\889968404 _9433185 |
| 942 | _cBOOK | ||
| 980 | _aNB | ||